|
|
|
|
| LEADER |
02627nam a2200589 i 4500 |
| 001 |
nkc20203263432 |
| 003 |
CZ PrNK |
| 005 |
20210205163615.0 |
| 007 |
ta |
| 008 |
201106s2020 xr b g 000 f cze |
| 015 |
|
|
|a cnb003263432
|
| 020 |
|
|
|a 978-80-264-3341-5
|q (vázáno) :
|c Kč 399,00
|
| 035 |
|
|
|a (OCoLC)1237098950
|
| 040 |
|
|
|a ABG001
|b cze
|d ABA001
|e rda
|
| 041 |
1 |
|
|a cze
|h spa
|
| 043 |
|
|
|a e-fr---
|
| 045 |
|
|
|a x3x4
|
| 072 |
|
7 |
|a 821.134.2-3
|x Španělská próza, španělsky psaná
|2 Konspekt
|9 25
|
| 080 |
|
|
|a 821.134.2-31
|2 MRF
|
| 080 |
|
|
|a (=411.16)-053.2
|2 MRF
|
| 080 |
|
|
|a 355.01-053.2
|2 MRF
|
| 080 |
|
|
|a 323.12"1939/1945"
|2 MRF
|
| 080 |
|
|
|a (44)
|2 MRF
|
| 080 |
|
|
|a (0:82-31)
|2 MRF
|
| 100 |
1 |
|
|a Escobar Golderos, Mario,
|d 1971-
|7 jo2013760428
|4 aut
|
| 240 |
1 |
0 |
|a Niños de la estrella amarilla.
|l Česky
|
| 245 |
1 |
0 |
|a Děti s hvězdou /
|c Mario Escobar ; překlad: Vladimír Fuksa
|
| 250 |
|
|
|a 1. vydání
|
| 264 |
|
1 |
|a Brno :
|b CPress,
|c 2020
|
| 300 |
|
|
|a 382 stran :
|b 1 mapa ;
|c 21 cm
|
| 336 |
|
|
|a text
|b txt
|2 rdacontent
|
| 337 |
|
|
|a bez média
|b n
|2 rdamedia
|
| 338 |
|
|
|a svazek
|b nc
|2 rdacarrier
|
| 500 |
|
|
|a Přeloženo ze španělštiny
|
| 520 |
2 |
|
|a Román zachycuje příběh dvou židovských chlapců, kteří prchají v době druhé světové války před hrůzami holocaustu.
|b Píše se rok 1941 a v okupované Francii se stupňuje nacistický teror. Mladí židovští bratři Jacob a Moses zůstali v Paříži úplně sami - jejich rodiče jsou daleko a teta, která je měla na starosti, zemřela. Existuje jediný způsob, jak se vyhnout transportu do koncentračního tábora: útěk. Na své cestě za ztracenými rodiči poznají mnoho podob lidskosti, která je důkazem, že naděje přežívá i mezi hrůzami války. Nakladatelská anotace.
|
| 648 |
|
7 |
|a 1939-1945
|7 ch460653
|2 czenas
|
| 650 |
0 |
7 |
|a židovské děti
|7 ph127997
|z Francie
|y 1939-1945
|2 czenas
|
| 650 |
0 |
7 |
|a děti a válka
|7 ph194679
|z Francie
|y 1939-1945
|2 czenas
|
| 650 |
0 |
7 |
|a holocaust (1939-1945)
|7 ph117203
|2 czenas
|
| 650 |
0 |
9 |
|a Jewish children
|z France
|y 1939-1945
|2 eczenas
|
| 650 |
0 |
9 |
|a children and war
|z France
|y 1939-1945
|2 eczenas
|
| 650 |
0 |
9 |
|a holocaust (1939-1945)
|2 eczenas
|
| 655 |
|
7 |
|a španělské romány
|7 fd133918
|2 czenas
|
| 655 |
|
9 |
|a Spanish fiction
|2 eczenas
|
| 700 |
1 |
|
|a Fuksa, Vladimír
|7 xx0037778
|4 trl
|
| 910 |
2 |
|
|a BOA001
|b 2-1456.166
|
| 920 |
|
|
|a 4564029
|z ABG001
|
| 928 |
9 |
|
|a Albatros Media - CPress
|
| 990 |
|
|
|a BK
|
| 995 |
|
|
|a 01
|
| 991 |
|
|
|b 202012
|c NOV
|
| 996 |
6 |
|
|b 2610846330
|c 2-1456.166
|l MZK
|r Sklad / do 1 hodiny
|n 3
|p p.v.
|w 001835139
|u 000010
|a 1
|e BOA001
|j MZK50
|s P
|